• 首页
  • 本馆介绍
  • 公告通知
  • 最新文献
  • 馆藏检索
  • 电子资源
  • 读者导购
  • 参考咨询
  • 我的图书馆
  • 登录
  • 详细信息显示
  • 放入我的书架
  • 预约/预借图书
  • 作者相关作品
  • 分类相关作品
  • 丛书相关作品
  • 出版社相关作品

书目信息

  • 表格格式
  • 工作单格式
  • 卡片格式
题名:
川大史学
    
 
作者: 刘复生 主编
分册: 第二辑   中国古代史卷
出版信息: 成都   四川大学出版社  2016
页数: 619页
开本: 21cm
丛书名:
单 册:
中图分类: K0-53 , K220.7
科图分类:
主题词: 史学--shi xue--文集 , 中国历史--zhong guo li shi--古代史--文集
电子资源:
ISBN: 978-7-5614-9860-6
000 01091nam0 22002651 450
001 1752590375
005 20170602161307.0
010    @a978-7-5614-9860-6@dCNY50.00
100    @a20161117d2016 em y0chiy50 ea
101 0  @achi
102    @aCN@b510000
105    @ay z 000yy
106    @ar
200 1  @a川大史学@Achuan da shi xue@h第二辑@i中国古代史卷@f刘复生主编
210    @a成都@c四川大学出版社@d2016
215    @a619页@d21cm
304    @a英文共同题名:Historical studies at Sichuan University collection II: 2006-2016
330    @a本书主要选录2006年以来四川大学历史文化学院老师发表的有关中国古代史方面的精品论文28篇。论文的时段上起传说中的唐虞时代,下迄晚清,具体内容涉及中国古代的政治、经济、思想文化、社会生活、民族关系、历史地理和典籍考释等方面,较为全面和集中地展现了近十年川大中国古代史专业发展的大略面貌。
606 0  @a史学@Ashi xue@j文集
606 0  @a中国历史@Azhong guo li shi@x古代史@j文集
690    @aK0-53@v5
690    @aK220.7@v5
701  0 @a刘复生@Aliu fu sheng@f(1948.10~)@4主编
801  0 @aCN@bTANG WEI@c20170601
905    @b0971928-32@dK0-53@e119@f5
    
    川大史学.第二辑.中国古代史卷/刘复生主编.-成都:四川大学出版社,2016
    619页;21cm
    
    
    ISBN 978-7-5614-9860-6:CNY50.00
    本书主要选录2006年以来四川大学历史文化学院老师发表的有关中国古代史方面的精品论文28篇。论文的时段上起传说中的唐虞时代,下迄晚清,具体内容涉及中国古代的政治、经济、思想文化、社会生活、民族关系、历史地理和典籍考释等方面,较为全面和集中地展现了近十年川大中国古代史专业发展的大略面貌。
●
相关链接 在E读中查询图书 在五车中查询图书 在当当中查询图书 在豆瓣中查询图书


正题名:川大史学     索取号:K0-53/119         预约/预借

序号 登录号 条形码 馆藏地/架位号 状态 备注
1 0971928   209719287   第二样本阅览室/ [索取号:K0-53/119] 在馆    
2 0971929   209719296   第二借阅区/ [索取号:K0-53/119] 在馆    
3 0971930   209719303   第二借阅区/ [索取号:K0-53/119] 在馆    
4 0971931   209719312   第二借阅区/ [索取号:K0-53/119] 在馆    
5 0971932   209719321   密集书库-史法系/ [索取号:K0-53/119] 在馆    
唐山师范学院图书馆 欢迎您!
大连网信软件有限公司© 版权所有